000 00415pab a2200157 454500
008 180718b1996 xxu||||| |||| 00| 0 eng d
100 _aZaidi, S. Akbar
245 _aPakistan
_bpolitical economy of the budget, 1996-97.
260 _c1996
300 _ap.2012-013
362 _a27 Jul
650 _aUnion budget - Pakistan
650 _aState budget
773 _aEconomic and Political Weekly
909 _a31810
999 _c31810
_d31810